00253nam a2200097Ia 4500008004100000100002000041245002800061260003900089300000900128650001800137190216s9999||||xx |||||||||||||| ||und|| aBenjamin Jonson 0aEvery Man In His Humour bUniversity Tutorial Prss Ltdc1965 a128p aEnglish Drama